| 000 | 00952cam a2200217 4500 | ||
|---|---|---|---|
| 001 | WB3909-08 | ||
| 008 | 030305n2003 000 0 eng u | ||
| 035 | _a(Sirsi) u121529 | ||
| 245 | _aPFI: construction performance | ||
| 260 | _c2003 | ||
| 490 |
_aNational Audit Office Press Notice _v 5 February 2003 (3) |
||
| 520 | _aThe report by the National Audit Office on construction work carried out under the PFI generally found that the work was done on time and within the cost expected by the public sector. PFI provided a higher degree of price certainty, timely delivery and good quality built assets in comparison with previous conventional public sector building projects. NAO Press Notice http://www.nao.gov.uk/pn/02-03/0203371.htm | ||
| 590 | _aWB | ||
| 650 | _aPFI | ||
| 650 | _aCONSTRUCTION WORK | ||
| 650 | _aPRIVATE SECTOR | ||
| 650 | _aPUBLIC SECTOR | ||
| 650 | _aBUILDING PROJECTS | ||
| 690 | _aBUILT ENVIRONMENT | ||
| 942 | _n0 | ||
| 999 |
_c72232 _d72232 |
||